000 00221nam a22000857a 4500
008 160705b xxu||||| |||| 00| 0 eng d
100 _92104
_a Vishakha
245 _aThe Magician
260 _aNew Delhi
_bNational Book Trust
_c1990
999 _c1799
_d1799